Welcome to the Holygrace Academy Library

Please use search bar below to get started

WINNIE TAKES THE PLUNGE (Record no. 6425)

MARC details
000 -LEADER
fixed length control field 00562nam a22001457a 4500
020 ## - INTERNATIONAL STANDARD BOOK NUMBER
ISBN 978-0-19-275784-5
082 ## - DEWEY DECIMAL CLASSIFICATION NUMBER
Classification number 823
Item number OWE/W
100 ## - MAIN ENTRY--AUTHOR NAME
Personal name OWEN, LAURA
245 ## - TITLE STATEMENT
Title WINNIE TAKES THE PLUNGE
260 ## - PUBLICATION, DISTRIBUTION, ETC. (IMPRINT)
Place of publication NEW YORK
Name of publisher OXFORD UNIVERSITY PRES
Year of publication 2011
300 ## - PHYSICAL DESCRIPTION
Number of Pages 96
520 ## - SUMMARY, ETC.
Summary, etc She helps her giant next-door neighbour to get into the party mood for a celebration – and tumbles head-first into disaster when she gets flushed down her loo and is trapped by a merman under the ocean waves! Can Wilbur stage a bold rescue?
650 ## - SUBJECT ADDED ENTRY--TOPICAL TERM
Topical Term SHORT STORY
942 ## - ADDED ENTRY ELEMENTS (KOHA)
Koha item type Books
Holdings
Withdrawn status Lost status Collection code Home library Current library Shelving location Date acquired Source of acquisition Cost, normal purchase price Full call number Accession Number Koha item type
    Fiction Main Library Main Library SHELF 15-K-CHILDREN'S STORYBOOKS 29/10/2019 Purchase 30.00 823 OWE/W 11832 Books